| 000 | 01577nam a2200313 4500 | ||
|---|---|---|---|
| 003 | EG-GICUC | ||
| 005 | 20260121101217.0 | ||
| 008 | 251113s2008 ua ||||fr|||| 00| 0 ara d | ||
| 017 | _a20084730 | ||
| 020 | _a9789770316030 | ||
| 040 |
_a EG-GICUC _bara _c EG-GICUC _d EG-GICUC _erda |
||
| 041 | 0 | _aara | |
| 082 | 0 | 4 |
_221 _a341.851 _bه ش . د |
| 092 | 0 | 4 | _221 |
| 099 | _aLaw1 12 341.851 ه ش . د 2008 | ||
| 100 | 0 |
_aهشام خالد _eمؤلف. |
|
| 245 | 1 | 2 |
_aالدفع بالإحالة لقيام ذات النزاع أمام قضاء الدولة وقضاء التحكيم في نطاق المنازعات التجارية الدولية : _bدراسة مقارنة في الإتفاقات الدولية والنظم القانونية الوطنية الأنجلوسكسونية, اللاتينية, العربية, مع إشارة خاصة للمادة 13 من قانون التحكيم المصري / _cهشام خالد. |
| 264 | 1 |
_aالإسكندرية : _bمنشاة المعارف، _c2008. |
|
| 300 |
_a393 ؛ صفحة _c24 سم |
||
| 336 |
_2rda content _atext |
||
| 337 |
_2rda media _aComputer |
||
| 338 |
_2rda carrier _aOnline Resource |
||
| 504 | _aيحتوي على ارجاعات ببليوجرافية يحتوي على قائمة بالمراجع | ||
| 546 | _aالنص أغلبه باللغة العربية بعض النصوص الإنجليزية والفرنسية | ||
| 650 | 1 | _aالتحكيم - قانون دولي | |
| 856 | 4 | 0 | _uhttps://fll.law.cu.edu.eg/fulltext/bks/B12-01106.pdf |
| 905 |
_a75 _eYara |
||
| 942 |
_2ddc _n0 _cBK _e21 |
||
| 999 |
_c42990 _d42990 |
||